Khảo sát sự thủy phân trong quá trình sản xuất nước tương Luận văn tốt nghiệp Đại học Sư phạm ngành Hóa Khóa 16
Shranjeno v:
| Glavni avtor: | |
|---|---|
| Format: | Knjiga |
| Jezik: | Undetermined |
| Izdano: |
Cần Thơ
Trường Đại học Cần Thơ, Khoa Sư phạm, Bộ môn Hóa
1994
|
| Oznake: |
Označite
Brez oznak, prvi označite!
|
| Thư viện lưu trữ: | Trung tâm Học liệu Trường Đại học Cần Thơ |
|---|
| LEADER | 00676nam a2200169Ia 4500 | ||
|---|---|---|---|
| 001 | CTU_33758 | ||
| 008 | 210402s9999 xx 000 0 und d | ||
| 082 | |a 640 | ||
| 082 | |b T121/1994 | ||
| 100 | |a Nguyễn Thị Kiều Tân | ||
| 245 | 0 | |a Khảo sát sự thủy phân trong quá trình sản xuất nước tương | |
| 245 | 0 | |b Luận văn tốt nghiệp Đại học Sư phạm ngành Hóa Khóa 16 | |
| 245 | 0 | |c Nguyễn Thị Kiều Tân | |
| 260 | |a Cần Thơ | ||
| 260 | |b Trường Đại học Cần Thơ, Khoa Sư phạm, Bộ môn Hóa | ||
| 260 | |c 1994 | ||
| 980 | |a Trung tâm Học liệu Trường Đại học Cần Thơ | ||